| 000 | 00722nam a2200217 4500 | ||
|---|---|---|---|
| 001 | 46005 | ||
| 010 | _a9789896191788 | ||
| 021 | _b289604/09 | ||
| 090 | _a46005 | ||
| 100 | _a20100614d2009 m d0pory5003 ba | ||
| 101 | 0 | _apor | |
| 102 | _aPT | ||
| 200 | 1 |
_aO Porto e as invasões francesas, 1809-2009 _fcoord. Valente de Oliveira _gLuís Oliveira Ramos... [et al.] |
|
| 210 | 9 |
_aPorto _cPúblico _cCâmara Municipal do Porto _d2009 |
|
| 215 |
_a4 v. _cil. _d28 cm _eerrata ([1] f.) |
||
| 675 |
_a94(469.121)"1807/1813"(042) _vBN _zpor |
||
| 675 |
_a355.48(460+469)"1807/1814"(042) _vBN _zpor |
||
| 702 | 1 |
_aOliveira, _bValente de, _f1937- _4340 |
|
| 702 | 1 |
_aRamos, _bLuís A. de Oliveira, _f1939- _4070 |
|
| 801 | 0 |
_aPT _bBN _gRPC |
|
| 990 | _cLIVROS | ||